| 000 | 00529pam a2200181 a 4500 | ||
|---|---|---|---|
| 005 | 20250901165301.0 | ||
| 008 | 870608s1988 nyua b 001 0 eng | ||
| 010 | _a 87003513 | ||
| 020 |
_a0070296332 : _c$43.95 |
||
| 050 | 0 | 0 |
_aQC311 _b.H76 1988 |
| 082 | 0 | 0 |
_a536/.7 _219 |
| 100 | 1 |
_aHolman, J. P. _q(Jack Philip) |
|
| 245 | 1 | 0 |
_aThermodynamics / _cJ.P. Holman. |
| 250 | _a4th ed. | ||
| 260 |
_aNew York : _bMcGraw-Hill, _cc1988. |
||
| 300 |
_axiii, 780 p. : _bill. ; _c24 cm. |
||
| 942 |
_2lcc _hQC311 .H65 1988 |
||
| 999 |
_c1526 _d1526 |
||